| 000 | 00539nam a22001937a 4500 | ||
|---|---|---|---|
| 001 | 86513 | ||
| 003 | BD-RjUL | ||
| 005 | 20260519105456.0 | ||
| 008 | 260519s1983 ii ||||| |||| 00| 0 urd d | ||
| 035 | _a(BD-RjUL)86513 | ||
| 040 |
_aBD-RjUL _beng _cBD-RjUL |
||
| 041 | _aurd | ||
| 082 |
_223 _a297.09 _bMAM 1983 |
||
| 245 |
_aمضامین مجیب ;; mazamin majeeb / _cمحمد مجىب الرحمن ;; Muhammad Mujibur Rahman |
||
| 260 |
_aKolkatta : _bhasrat, _c1983 |
||
| 300 |
_aV. ; _c17 cm |
||
| 505 | _aVol.1.-- | ||
| 942 |
_2ddc _cBK |
||
| 999 |
_c86513 _d86513 |
||